000 00890nam0a22002651 4500
001 RU\NLR\INFOCOMM\LIB1\17033
005 20250617210139.0
035 _a(NLR Aleph) 004337597
090 _a3075935
_c3075935
100 _a20021011d1970 |||y0rusy50 ca
101 0 _afin
102 _aRU
105 _aa ||||000ay
200 1 _aKotona ja vieraissa
_fNikolai Laine
_gtaiteilija В.А.Левин
_eRunoja,runoelmia,suomennoksia
210 _aPetroskoi
_cKargala
_d1970
215 _a132с.
_cилл.
_d14см
300 _aВ вып.дан.:Николай Лайне(Генниев.Николай Григорьевич).Дома и в гостях.Стихи
700 1 _aLaine
_bN.
_f1920-
_gNikolai
_4070
702 1 _aЛевин
_bВ.
_4440
801 1 _aRU
_bInfoComm
_c20021011
801 0 _aRU
_bNLR
_gPSBO
852 _aNLR
_bН
_jФин/1-322
942 _cBOOK
980 _aNB